Ambulans jedzie na wieś
| Titel: | Ambulans jedzie na wieś : śladami wędrownych wyrwizębów / Aleksandra Kozłowska |
|---|---|
| Verfasser: | |
| Ausgabe: | Wydanie I. |
| Veröffentlicht: | Kraków : Wydawnictwo Znak, 2024 |
| Umfang: | 397 Seiten : Illustrationen ; 21 cm |
| Format: | Buch |
| Sprache: | Polnisch |
| ISBN: | 9788324066933 ; 8324066934 |
| Hinweise zum Inhalt: |
Literaturverzeichnis
Inhaltsverzeichnis Buch Bibliographie Cover Abstract |
alg: 51820345 001A $03019:13-05-24 001B $01999:04-12-25 $t22:14:05.000 001D $03019:13-05-24 001U $0utf8 001X $00 002@ $0Aau 002C $aText $btxt $2rdacontent 002D $aohne Hilfsmittel zu benutzen $bn $2rdamedia 002E $aBand $bnc $2rdacarrier 003@ $051820345X 003O $01420614745 $aOCoLC 004A $A978-83-240-6693-3 $f((oprawa miękka)) 004A $083-240-6693-4 006C $01420614745 $aOCoLC 007A $051820345X $aHEB 007G $0DE0209E62737608C4C11CC1258BA4002CF50C 009P $qapplication/pdf $3Literaturverzeichnis $uhttp://bvbr.bib-bvb.de:8991/F?func=service&doc_library=BVB01&local_base=BVB01&doc_number=034936389&sequence=000003&line_number=0002&func_code=DB_RECORDS&service_type=MEDIA $mDigitalisierung BSB M��nchen 19 - ADAM Catalogue Enrichment 009P $qapplication/pdf $A2 $3Inhaltsverzeichnis $uhttp://scans.hebis.de/HEBCGI/show.pl?51820345_toc.pdf $mV:DE-603;B:DE-Mb50 009P $qapplication/pdf $A2 $3Buch Bibliographie $uhttp://scans.hebis.de/HEBCGI/show.pl?51820345_bib.pdf $mV:DE-603;B:DE-Mb50 009P $qapplication/pdf $A2 $3Cover $uhttp://scans.hebis.de/HEBCGI/show.pl?51820345_cov.pdf $mV:DE-603;B:DE-Mb50 009P $qapplication/pdf $A2 $3Abstract $uhttp://scans.hebis.de/HEBCGI/show.pl?51820345_sum.pdf $mV:DE-603;B:DE-Mb50 010@ $apol 011@ $a2024 $n2024 013D $#Reportagen Sammlung $#Reportage Sammlung $7107186257X $8Reportagensammlung [Ts1] $9359647219 021A $aAmbulans jedzie na wieś $dśladami wędrownych wyrwizębów $hAleksandra Kozłowska 028A $BVerfasser $4aut $71322060304 $8Kozlowska, Aleksandra$Z1968- [Tp3] $9515909521 032@ $aWydanie I. 033A $pKraków $nWydawnictwo Znak 034D $a397 Seiten 034I $a21 cm 034M $aIllustrationen 044A $aPolska $S#4 $N651 044A $aPolska $2dbn $S#7 $N651 044A $aPlacówki służby zdrowia ruchome / historia $S#4 $N650 044A $aLekarze stomatolodzy / historia $S#4 $N650 044A $aLudność wiejska $S#4 $N650 044A $aEdukacja zdrowotna / historia $S#4 $N650 044A $aHigiena jamy ustnej $S#4 $N650 044A $aHistoria XX wieku $S#4 $N650 044A $aAmbulanse sanitarne $2dbn $S#7 $N650 044A $aHigiena jamy ustnej $2dbn $S#7 $N650 044A $aLeczenie $2dbn $S#7 $N650 044A $aLekarze a pacjenci $2dbn $S#7 $N650 044A $aMieszkańcy wsi $2dbn $S#7 $N650 044A $aOpieka ambulatoryjna $2dbn $S#7 $N650 044A $aPRL $2dbn $S#7 $N650 044A $aStomatolodzy $2dbn $S#7 $N650 044A $aStomatologia $2dbn $S#7 $N650 044A $aWsie $2dbn $S#7 $N650 044K $RPolen-Litauen $RKongresspolen $RWestgalizien $RStaat Krakau $#Generalgouvernement Polen $#Polska $#Rzeczpospolita Polska $#Polska Rzeczpospolita Ludowa $#Poland $#Pologne $#République Polonaise $#Generalne Gubernatorstwo w Polsce $#Polish People's Republic $#Polska Rzeczpospolita Polen $#PRL $#RP $#Polen Generalgouvernement $#Polska Generalgouvernement $#Besetzte Polnische Gebiete $#Besetztes Gebiet in Polen $#Okupowane Polskie Obszary $#Obszary Okupowane w Polsce $#Volksrepublik Polen $#Polska Rosyjska $#Republic Polen $#Respublika Pol'ša $#Pol'skaja Narodnaja Respublika $#République de Pologne $#Polen Links der Weichsel $#Polska po Lewej Stronie Wisły $#Lenkija $#Polija $#Gubernija Carstva Pol'skago $#Republik Polen $74046496-9 $8Polen [Tg1] $9085129801 044K $RGeografischer Raum $RLandbevölkerung $RLandgemeinde $#Campagne $#rural areas $#Ländlicher Raum $#ländlicher Raum $#Ländlicher Raum $#Land Ländlicher Raum $#Agrarraum $#Ländliche Region $#Ländliches Gebiet $74034026-0 $8Ländlicher Raum [Ts1] $9085091022 044K $RBevölkerung $RLändlicher Raum $#Rural population $#Population rurale $#Población rural $#rural population $#Landbevölkerung $#Agrarbevölkerung $#Landbevölkerung $#Landbevölkerung $#Dorf Bevölkerung $#Dorfbevölkerung $#Ländliche Bevölkerung $#Ländlicher Raum Bevölkerung $74034229-3 $8Landbevölkerung [Ts1] $908509174X 044K $RZahnreinigung $#Teeth Care and hygiene $#Dental care $#Dents Soins et hygiène $#Soins dentaires $#Atención odontológica $#Oral Hygiene $#Zahnpflege $#Mundpflege $#Zähneputzen $#Mundhygiene $#Zahnhygiene $#Dental Hygiene $74067327-3 $8Zahnpflege [Ts1] $9085189421 044K $RZahnkrankheit $RStomatologie $#Dentistry $#Odontostomatologie $#Odontoiatria $#Odontología $#Dentistry $#Zahnmedizin $#Zahnmedizin $#Odontologie $#Zahn-, Mund- und Kieferheilkunde $#Zahn-Mund-Kieferheilkunde $#Zahnheilkunde $74079454-4 $8Zahnmedizin [Ts1] $9085225983 044K $RFacharzt $RZahnärztin $RDentist $#Dentists $#Dentistes $#Dentisti $#Dentistas $#Dentists $#Zahnärzte $#Zahnarzt $#Zahnmediziner $74067303-0 $8Zahnarzt [Ts1] $9085189359 044K $RSozialdienst $#Home nursing $#Soins infirmiers à domicile $#Ambulanter sozialer Hilfsdienst $#Ambulanter sozialer Dienst $#Ambulanter Sozialdienst $#Spitex $#Spitalexterner Pflegedienst $#Ambulanter Pflegedienst $#Ambulante Pflege Pflegedienst $#Ambulante Pflege Mobile Pflege $#Mobile Pflege Ambulanter Pflegedienst $74001654-7 $8Ambulanter Hilfs- und Pflegedienst [Ts1] $9084995459 045F $a610.94380904 $eDDC22BSB 045F/01 $a610.9 045F/03 $f0904 045F/03 $g438 045G $a306.094380904 $eDDC22BSB 045G/01 $a306.09 045G/03 $f0904 045G/03 $g438 045R $aGeschichte 1945-1989 045T $aOST $qDE-12 $2FID lok: 51820345 24 exp: 51820345 24 1 #EPN 201B/01 $025-09-24 $t16:28:23.000 201C/01 $012-08-24 201U/01 $0utf8 203@/01 $01268828599 208@/01 $a25-09-24 $bz 209A/01 $a24.05359 $du $f050 $h24 05359 $x00 209C/01 $a24.05359 K $h24 05359 K 209G/01 $a74935729 $x00 220C/01 $ahae 247C/01 $8358050-7Marburg, Bibliothek des Herder-Instituts Marburg $9102600961 lok: 51820345 66 101B $013-05-24 $t11:22:11.000 101C $013-05-24 101U $0utf8 144Z/01 $aOpieka ambulatoryjna na wsi 144Z/02 $aOpieka medyczna na wsi 144Z/03 $aLudność wiejska 144Z/04 $aPRL exp: 51820345 66 1 #EPN 201B/01 $013-05-24 $t11:22:11.000 201C/01 $013-05-24 201U/01 $0utf8 203@/01 $01262583594 208@/01 $a13-05-24 $bz 209A/01 $aGk Kozło/A $du $f000 $x00 209C/01 $a24/d574 247C/01 $8618123-5 Darmstadt, Bibliothek des Deutschen Polen-Instituts $9102600902
| LEADER | 00000cam a2200000 c 4500 | ||
|---|---|---|---|
| 001 | 51820345X | ||
| 003 | DE-603 | ||
| 005 | 20251204221405.0 | ||
| 007 | tu | ||
| 008 | 240513s2024 xx |||| | u00||u|pol c | ||
| 020 | |a 9788324066933 |c ((oprawa miękka)) | ||
| 020 | |a 8324066934 | ||
| 035 | |a (DE-599)HEB51820345X | ||
| 035 | |a (OCoLC)1420614745 | ||
| 040 | |a DE-603 |b ger |c DE-603 |d DE-603 | ||
| 041 | |a pol | ||
| 082 | 0 | 4 | |8 1\u |a 610.94380904 |q DE-101 |2 22/BSB |
| 083 | 0 | |8 2\u |a 306.094380904 |q DE-101 |2 22/BSB | |
| 084 | |a OST |q DE-12 |2 fid | ||
| 085 | |8 1\u |b 610.9 | ||
| 085 | |8 1\u |z 1 |s 0904 | ||
| 085 | |8 1\u |z 2 |s 438 | ||
| 085 | |8 2\u |b 306.09 | ||
| 085 | |8 2\u |z 1 |s 0904 | ||
| 085 | |8 2\u |z 2 |s 438 | ||
| 100 | 1 | |a Kozlowska, Aleksandra |d 1968- |e Verfasser |4 aut |0 (DE-603)515909521 |0 (DE-588)1322060304 |2 gnd | |
| 245 | 0 | 0 | |a Ambulans jedzie na wieś |b śladami wędrownych wyrwizębów |c Aleksandra Kozłowska |
| 250 | |a Wydanie I. | ||
| 264 | 1 | |a Kraków |b Wydawnictwo Znak |c 2024 | |
| 300 | |a 397 Seiten |b Illustrationen |c 21 cm | ||
| 336 | |a Text |b txt |2 rdacontent | ||
| 337 | |a ohne Hilfsmittel zu benutzen |b n |2 rdamedia | ||
| 338 | |a Band |b nc |2 rdacarrier | ||
| 648 | 7 | |a Geschichte 1945-1989 |2 gnd | |
| 650 | 7 | |a Ländlicher Raum |0 (DE-588)4034026-0 |0 (DE-603)085091022 |2 gnd | |
| 650 | 7 | |a Landbevölkerung |0 (DE-588)4034229-3 |0 (DE-603)08509174X |2 gnd | |
| 650 | 7 | |a Zahnpflege |0 (DE-588)4067327-3 |0 (DE-603)085189421 |2 gnd | |
| 650 | 7 | |a Zahnmedizin |0 (DE-588)4079454-4 |0 (DE-603)085225983 |2 gnd | |
| 650 | 7 | |a Zahnarzt |0 (DE-588)4067303-0 |0 (DE-603)085189359 |2 gnd | |
| 650 | 7 | |a Ambulanter Hilfs- und Pflegedienst |0 (DE-588)4001654-7 |0 (DE-603)084995459 |2 gnd | |
| 651 | 7 | |a Polen |0 (DE-588)4046496-9 |0 (DE-603)085129801 |2 gnd | |
| 655 | 7 | |a Reportagensammlung |2 gnd-content |0 (DE-588)107186257X |0 (DE-603)359647219 | |
| 856 | 4 | 2 | |m Digitalisierung BSB M��nchen 19 - ADAM Catalogue Enrichment |q application/pdf |u http://bvbr.bib-bvb.de:8991/F?func=service&doc_library=BVB01&local_base=BVB01&doc_number=034936389&sequence=000003&line_number=0002&func_code=DB_RECORDS&service_type=MEDIA |3 Literaturverzeichnis |
| 856 | 4 | 2 | |m V:DE-603;B:DE-Mb50 |q application/pdf |u http://scans.hebis.de/HEBCGI/show.pl?51820345_toc.pdf |3 Inhaltsverzeichnis |
| 856 | 4 | 2 | |m V:DE-603;B:DE-Mb50 |q application/pdf |u http://scans.hebis.de/HEBCGI/show.pl?51820345_bib.pdf |3 Buch Bibliographie |
| 856 | 4 | 2 | |m V:DE-603;B:DE-Mb50 |q application/pdf |u http://scans.hebis.de/HEBCGI/show.pl?51820345_cov.pdf |3 Cover |
| 856 | 4 | 2 | |m V:DE-603;B:DE-Mb50 |q application/pdf |u http://scans.hebis.de/HEBCGI/show.pl?51820345_sum.pdf |3 Abstract |
| 924 | 0 | |9 Mb 50 |a (DE-603)1268828599 |b DE-Mb50 |c HES |d c |g 24.05359 | |
| 924 | 0 | |9 Ds 123 |a (DE-603)1262583594 |b DE-Ds123 |c HES |d d |g Gk Kozło/A | |


